| 000 | 00755 a2200265 4500 | ||
|---|---|---|---|
| 001 | 69030 | ||
| 999 |
_c69030 _d14137 |
||
| 003 | TR-AnTOB | ||
| 005 | 20230612141940.0 | ||
| 008 | 080414s1998 tr 00000 tur | ||
| 020 | _a9755391533 | ||
| 035 | _a69030 | ||
| 041 | _atur | ||
| 050 |
_aPT9876.3.I4 _bM319 1998 |
||
| 090 | _aPT9876.3.I4 M319 1998 | ||
| 100 |
_aTikkanen, Marta _942350 |
||
| 245 | 0 |
_aBir erkeğe nasıl tecavüz edilir? = _bMan kan inte valdtas / _cMarta Tikkanen, Çeviren:İlknur İgan. |
|
| 264 | 1 |
_aİstanbul : _bAyrıntı Yayınları, _c1998. |
|
| 300 |
_a154 s. ; _c19 cm. |
||
| 650 | 7 |
_aİsveç romanı _2etuturkob _942352 |
|
| 700 | 1 |
_aİgan, İlknur _942351 |
|
| 902 | _a0023836 | ||
| 903 | _aMerkezi Kütüphane | ||
| 945 | _aMÇ, SA 21.5.08 | ||
| 942 | _cBK | ||